Psalm 103:8 (KJV) Quiz Stats

 Plays Quiz not verified by Sporcle

Also try: Named Bible Books
Challenge
Share
Tweet
Embed
Score 0/13 Timer 01:00
0 Plays Today
% Correct
The
96.1%
and
96.1%
and
96.1%
Lord
91%
is
81.9%
to
49%
merciful
47.7%
in
47.7%
slow
40.6%
gracious
38.7%
anger
38.7%
mercy
32.3%
plenteous
23.9%

You're not logged in!

Compare scores with friends on all Sporcle quizzes.
Join for Free
OR
Log In

You Might Also Like...

Show Comments

Extras

Top Quizzes Today


Score Distribution

Your Account Isn't Verified!

In order to create a playlist on Sporcle, you need to verify the email address you used during registration. Go to your Sporcle Settings to finish the process.

Report this User

Report this user for behavior that violates our Community Guidelines.

Details: